[Event "Oberliga Ost-B 1011"]
[Site "Germany"]
[Date "2011.02.06"]
[Round "7.8"]
[White "Nitz, Sascha"]
[Black "Engel, Johannes"]
[Result "0-1"]
[WhiteElo "1914"]
[BlackElo "2206"]
[PlyCount "122"]
[EventDate "2010.10.24"]
[EventType "team-tourn"]
[EventRounds "11"]
[EventCountry "GER"]
[SourceTitle "EXT 2012"]
[Source "ChessBase"]
[SourceDate "2011.11.24"]
[SourceVersion "1"]
[SourceVersionDate "2011.11.24"]
[SourceQuality "1"]
[WhiteTeam "Hungen Lich"]
[BlackTeam "Frankfurt BvK"]
[WhiteTeamCountry "GER"]
[BlackTeamCountry "GER"]

1. c4 c5 2. Nf3 g6 3. Nc3 Nf6 4. d4 cxd4 5. Nxd4 Bg7 6. g3 0-0 7. Bg2 Nc6 8. 0-0 a6 9. Nxc6 dxc6 10. Qxd8 Rxd8 11. Be3 Be6 12. b3 Ng4 13. Rac1 Nxe3 14. fxe3 Rd2 15. Kf2 Bxc3 16. Rxc3 Rxa2 17. Rd1 Rb2 18. h3 a5 19. g4 Kf8 20. Be4 Ke8 21. Ra1 Kd7 22. Rb1 Rxb1 23. Bxb1 a4 24. bxa4 Rxa4 25. Bd3 b6 26. c5 b5 27. Rc2 Ra2 28. Rc1 Ra4 29. e4 Bc4 30. Ke3 Ke6 31. h4 h6 32. Rf1 g5 33. hxg5 hxg5 34. Rh1 f6 35. Rh7 Ra7 36. Rh1 Bb3 37. Rf1 Kf7 38. e5 Be6 39. exf6 exf6 40. Rh1 Re7 41. Kf3 Bd5+ 42. e4 Bb3 43. Rb1 Ba4 44. Ke3 Re8 45. Rf1 Kg7 46. Rc1 Rh8 47. Kd4 Rd8+ 48. Ke3 Bb3 49. Ra1 Be6 50. Be2 Kf7 51. Ra7+ Rd7 52. Ra6 Rc7 53. Kd4 Bc8 54. Ra1 Ke6 55. Ke3 Ke5 56. Ra8 Be6 57. Ra6 Bc8 58. Rb6 Bd7 59. Ra6 Rb7 60. Rb6 Ra7 61. Rb8 Ra3+ 0-1

[Event "Karl Mala Memorial op 09th"]
[Site "Frankfurt"]
[Date "2005.07.30"]
[Round "5"]
[White "Nitz, Sascha"]
[Black "Kuenitz, Klaus"]
[Result "0-1"]
[WhiteElo "1700"]
[BlackElo "1941"]
[PlyCount "124"]
[EventDate "2005.07.28"]
[EventType "swiss"]
[EventRounds "7"]
[EventCountry "GER"]
[SourceTitle "EXT 2006"]
[Source "ChessBase"]
[SourceDate "2005.11.24"]
[SourceVersion "1"]
[SourceVersionDate "2005.11.24"]
[SourceQuality "1"]

1. c4 f5 2. Nc3 Nf6 3. Nf3 d6 4. d4 g6 5. e3 Bg7 6. b3 0-0 7. Bb2 c6 8. Be2 Na6 9. h4 Qe8 10. Qd2 e5 11. c5 exd4 12. Qxd4 Ne4 13. Qd3 Naxc5 14. Qc2 Nxc3 15. Bxc3 Bxc3+ 16. Qxc3 Ne4 17. Qd3 Qd8 18. Rd1 Qa5+ 19. Nd2 d5 20. Qc2 Nc3 21. Ra1 Nxe2 22. Kxe2 f4 23. exf4 Rxf4 24. Raf1 Bf5 25. Qb2 Re8+ 26. Kd1 Bd3 27. Re1 Rxe1+ 28. Rxe1 Qc5 29. Re3 Be4 30. b4 Qe7 31. Nf1 Qf6 32. Qxf6 Rxf6 33. f3 Bb1 34. a3 h5 35. Nd2 Bf5 36. Nb3 Re6 37. Rc3 Re7 38. Kd2 a6 39. Rc1 Kf7 40. Rg1 Bc8 41. Nc1 Kf6 42. Nd3 b6 43. Nf2 Ke5 44. Nd3+ Kd4 45. Rc1 Bf5 46. Nf4 Rc7 47. g4 hxg4 48. fxg4 Bxg4 49. Nxg6 c5 50. bxc5 Rxc5 51. Rf1 Rc4 52. Nf4 Kc5 53. h5 Bf5 54. Ne2 Rc2+ 55. Ke3 Be4 56. h6 Ra2 57. Rc1+ Kd6 58. Rc3 b5 59. Nd4 Kd7 60. Ne2 Rb2 61. Nf4 Rh2 62. Rc5 Kd6 0-1

[Event "Karl Mala Memorial op 09th"]
[Site "Frankfurt"]
[Date "2005.07.29"]
[Round "2"]
[White "Gatterdam, Maximilian"]
[Black "Nitz, Sascha"]
[Result "1/2-1/2"]
[WhiteElo "1216"]
[BlackElo "1700"]
[PlyCount "71"]
[EventDate "2005.07.28"]
[EventType "swiss"]
[EventRounds "7"]
[EventCountry "GER"]
[SourceTitle "EXT 2006"]
[Source "ChessBase"]
[SourceDate "2005.11.24"]
[SourceVersion "1"]
[SourceVersionDate "2005.11.24"]
[SourceQuality "1"]

1. e4 e6 2. d3 d5 3. Nd2 c5 4. g3 Nc6 5. Bg2 d4 6. Ngf3 e5 7. 0-0 Nge7 8. Nh4 Ng6 9. Nxg6 hxg6 10. f4 exf4 11. Rxf4 Bd6 12. Rf2 Ne5 13. Bf3 Be6 14. Nb3 Qd7 15. Bf4 Nxf3+ 16. Qxf3 f6 17. Na5 Bxf4 18. Qxf4 g5 19. Qf3 0-0 20. Nc4 b5 21. Nd2 Rfd8 22. a3 Rac8 23. Re1 Rf8 24. Qe2 Rf7 25. e5 f5 26. Nf3 Qe7 27. h4 f4 28. Nxg5 fxg3 29. Rxf7 Bxf7 30. Rf1 Bd5 31. Qh5 g6 32. Qxg6+ Qg7 33. Qxg7+ Kxg7 34. Nf3 Kh6 35. Kg2 Rg8 36. Kg1 1/2-1/2

[Event "Rhein Main op 08th"]
[Site "Bad Homburg"]
[Date "2005.05.30"]
[Round "7"]
[White "Hillgaertner, Walter"]
[Black "Nitz, Sascha"]
[Result "1/2-1/2"]
[WhiteElo "2033"]
[BlackElo "1705"]
[PlyCount "75"]
[EventDate "2005.05.25"]
[EventType "swiss"]
[EventRounds "7"]
[EventCountry "GER"]
[SourceTitle "EXT 2006"]
[Source "ChessBase"]
[SourceDate "2005.11.24"]
[SourceVersion "1"]
[SourceVersionDate "2005.11.24"]
[SourceQuality "1"]

1. d4 d5 2. Nf3 Nf6 3. e3 Bg4 4. c4 e6 5. Nc3 Nbd7 6. cxd5 exd5 7. Qb3 Nb6 8. Ne5 c6 9. a4 a5 10. Nxg4 Nxg4 11. Be2 Nf6 12. Bd2 Bd6 13. Rc1 h5 14. h3 Rb8 15. Qa2 Nc8 16. Qb1 Ra8 17. Bd3 Bb4 18. Qc2 Nd6 19. Nb1 Bxd2+ 20. Nxd2 0-0 21. Qd1 Qb6 22. b3 Rfe8 23. 0-0 g6 24. Rb1 Qb4 25. Qc2 Kg7 26. Rfc1 Rec8 27. Qc3 Qxc3 28. Rxc3 Nfe4 29. Nxe4 Nxe4 30. Bxe4 dxe4 31. Rbc1 Rd8 32. Rc5 f6 33. Kf1 Kf7 34. Ke2 Ke6 35. Kd2 Rd6 36. Ke2 Kd7 37. b4 b6 38. R5c3 1/2-1/2